Statistics for Subdivisions of Chester County, Pennsylvania - Map Quiz

Click here to take the quiz!

General Stats

  • This quiz has been taken 14 times
  • The average score is 36 of 103

Answers on the Map

Answers color-coded by a green-red scale on the quiz's map according to % correct below.
 

Answer Stats

Answer% Correct
Coatesville
71%
Kennett Square
71%
Kennett Township
71%
Downingtown
57%
East Bradford Township
57%
East Caln Township
57%
Honey Brook
57%
Honey Brook Township
57%
Tredyffrin Township
57%
Uwchlan Township
57%
West Caln Township
57%
West Chester
57%
West Whiteland Township
57%
Atglen
43%
Avondale
43%
Birmingham Township
43%
Caln Township
43%
Cheyney University
43%
East Brandywine Township
43%
East Goshen Township
43%
East Pikeland Township
43%
Easttown Township
43%
East Whiteland Township
43%
Elk Township
43%
Elverson
43%
Exton
43%
Frazer
43%
Highland Township
43%
London Britain Township
43%
London Grove Township
43%
Malvern
43%
Newlin Township
43%
Oxford
43%
Phoenixville
43%
Pocopson Township
43%
Schuylkill Township
43%
South Coatesville
43%
Thornbury Township
43%
Thorndale
43%
Upper Uwchlan Township
43%
West Bradford Township
43%
West Brandywine Township
43%
West Goshen Township
43%
West Grove
43%
West Nottingham Township
43%
West Pikeland Township
43%
Westtown Township
43%
Willistown Township
43%
Berwyn
29%
Caln
29%
Charlestown Township
29%
Chesterbrook
29%
East Coventry Township
29%
East Fallowfield Township
29%
East Marlborough Township
29%
East Nantmeal Township
29%
East Nottingham Township
29%
East Vincent Township
29%
Franklin Township
29%
Lionville
29%
Londonderry Township
29%
Lower Oxford Township
29%
Modena
29%
New Garden Township
29%
New London
29%
North Coventry Township
29%
Nottingham
29%
Parkesburg
29%
Pennsbury Township
29%
Penn Township
29%
Pughtown
29%
Sadsbury Township
29%
South Coventry Township
29%
Spring City
29%
Toughkenamon
29%
Upper Oxford Township
29%
Valley Township
29%
Wallace Township
29%
Warwick Township
29%
West Fallowfield Township
29%
West Marlborough Township
29%
West Nantmeal Township
29%
West Sadsbury Township
29%
West Vincent Township
29%
Chadds Ford
14%
Cochranville
14%
Devon
14%
Dilworthtown
14%
Eagle
14%
Eagleview
14%
Glenmoore
14%
Hamorton
14%
Hayti
14%
Kenilworth
14%
Kimberton
14%
Lincoln University
14%
Marshallton
14%
Paoli
14%
Pomeroy
14%
Sadsburyville
14%
South Pottstown
14%
Unionville
14%
Westwood
14%

Score Distribution

Percentile by Number Answered

Percent of People with Each Score

Your Score History

You have not taken this quiz